1288 1637 1033 1477 1944 1700 1709 1166 1718 1502 1511 1359 1096 1967 1126 1429 1501 1300 1953 1092 1509 1721 1941 1197 1805 1841 1362 1483 1484 1511 1466 1026 1005 1503 1103 1855 1387 1829 1463 1986 1725 1585 1025 1546 1518 1120 1997 1951 1473 1961 1048 1188 1390 1762 1043 1120 1573 1856 1773 1107 1459 1273 1375 1458 1678 1424 1232 1160 1630 1475 1670 1442 1301 1841 1699 1364 1176 1614 1862 1399 1489 1265 1436 1344 1347 1739 1415 1260 1478 1790 1048 1335 1791 1776 1020 1192 1998 1231 1883 BCNSPRNW ULIB Ver.6.0+V

เปลี่ยนเป็นภาษาไทย

Change to English
 แสดงรายละเอียดบรรณานุกรม
  กลับหน้าหลัก

Brief Record : Get Marc (ISO 2709) : E-mail record : QR code < ปิดหน้าต่าง
LEADER : 00000nam 2200000uu 4500
001    13399125782
003     ULIB
008    170905s2559||||th 000 0 tha d
020    ^a9786162799426
060  4 ^aWY 160^bก492
245 00 ^aการพยาบาลจิตเวชศาสตร์ =^bPsychiatric nursing /^cบรรณาธิการ, ยาใจ สิทธิมงคล ... [และคนอื่น ๆ]
246 31 ^aPsychiatric nursing
250    ^aพิมพ์ครั้งที่ 2, ฉบับปรับปรุงครั้งที่ 1
260    ^aนครปฐม :^bภาควิชาสุขภาพจิตและการพยาบาลจิตเวชศาสตร์ คณะพยาบาลศาสตร์ มหาวิทยาลัยมหิดล,^c2559
300    ^a516 หน้า ;^bภาพประกอบ
650  2 ^aPsychiatric Nursing
650  4 ^aการพยาบาลจิตเวชศาสตร์
700 0  ^aยาใจ สิทธิมงคล,^eบรรณาธิการ
710 2  ^aมหาวิทยาลัยมหิดล.^bคณะพยาบาลศาสตร์.^bภาควิชาสุขภาพจิตและการพยาบาลจิตเวชศาสตร์
945    ^p450^l0^i25354
945    ^p450^l0^i25355
945    ^p450^l0^i25356
945    ^p450^l0^i25357
945    ^p450^l0^i25358
945    ^p450^l0^i25359
945    ^p450^l0^i25360
945    ^p450^l0^i25361
945    ^p450^l0^i25362
945    ^p450^l0^i25423
999    ^aกัณชพร จุลอักษร
รายการนี้ยังไม่มีแท็ก
คุณยังไม่ได้ล็อกอิน คุณสามารถมีกิจกรรมร่วมกับเว็บไซต์ได้ แต่ต้องล็อกอินก่อน ::
  ล็อกอิน

รายการสื่อสารสนเทศ

ลำดับที่ ประเภท เลขเรียก/บาร์โค้ด สถานที่ สถานะ
1. หนังสือสำรอง
หนังสือสำรอง
WY 160 ก492 ฉ.1 
  Barcode: 25354
ห้องสมุดวิทยาเขตนครสวรรค์
►หนังสือทั่วไป:l:General Books
บนชั้น
2. วิทยาศาสตร์การแพทย์ และสุขภาพ
วิทยาศาสตร์การแพทย์ และสุขภาพ
WY 160 ก492 ฉ.10 
  Barcode: 25362
ห้องสมุดวิทยาเขตนครสวรรค์
►หนังสือทั่วไป:l:General Books
บนชั้น
3. วิทยาศาสตร์การแพทย์ และสุขภาพ
วิทยาศาสตร์การแพทย์ และสุขภาพ
WY 160 ก492 ฉ.2 
  Barcode: 25355
ห้องสมุดวิทยาเขตนครสวรรค์
►หนังสือทั่วไป:l:General Books
บนชั้น
4. วิทยาศาสตร์การแพทย์ และสุขภาพ
วิทยาศาสตร์การแพทย์ และสุขภาพ
WY 160 ก492 ฉ.3 
  Barcode: 25356
ห้องสมุดวิทยาเขตนครสวรรค์
►หนังสือทั่วไป:l:General Books
บนชั้น
5. วิทยาศาสตร์การแพทย์ และสุขภาพ
วิทยาศาสตร์การแพทย์ และสุขภาพ
WY 160 ก492 ฉ.4 
  Barcode: 25357
ห้องสมุดวิทยาเขตนครสวรรค์
►หนังสือทั่วไป:l:General Books
บนชั้น
6. วิทยาศาสตร์การแพทย์ และสุขภาพ
วิทยาศาสตร์การแพทย์ และสุขภาพ
WY 160 ก492 ฉ.5 
  Barcode: 25358
ห้องสมุดวิทยาเขตนครสวรรค์
►หนังสือทั่วไป:l:General Books
บนชั้น
7. วิทยาศาสตร์การแพทย์ และสุขภาพ
วิทยาศาสตร์การแพทย์ และสุขภาพ
WY 160 ก492 ฉ.6 
  Barcode: 25423
ห้องสมุดวิทยาเขตนครสวรรค์
►หนังสือทั่วไป:l:General Books
บนชั้น
8. วิทยาศาสตร์การแพทย์ และสุขภาพ
วิทยาศาสตร์การแพทย์ และสุขภาพ
WY 160 ก492 ฉ.7 
  Barcode: 25359
ห้องสมุดวิทยาเขตนครสวรรค์
►หนังสือทั่วไป:l:General Books
บนชั้น
9. วิทยาศาสตร์การแพทย์ และสุขภาพ
วิทยาศาสตร์การแพทย์ และสุขภาพ
WY 160 ก492 ฉ.8 
  Barcode: 25360
ห้องสมุดวิทยาเขตนครสวรรค์
►หนังสือทั่วไป:l:General Books
บนชั้น
10. วิทยาศาสตร์การแพทย์ และสุขภาพ
วิทยาศาสตร์การแพทย์ และสุขภาพ
WY 160 ก492 ฉ.9 
  Barcode: 25361
ห้องสมุดวิทยาเขตนครสวรรค์
►หนังสือทั่วไป:l:General Books
ถูกยืม กำหนดส่งวันที่ 20 เมษายน 2568
  จอง

รายการใกล้เคียง
    หัวเรื่อง [Psychiatric Nursing]
    หัวเรื่อง [การพยาบาลจิตเวชศาสตร์]

BibComment


ยังไม่เคยถูกคอมเมนท์

คอมเมนท์ทรัพยากรรายการนี้
  คอมเมนท์: การพยาบาลจิตเวชศ..


 Copyright 2026. Bcnsprnw @Library